000 00680nam a22001817a 4500
003 UA-OsUOA
001 17082
007 ta
008 20040209b un ||||| |||| 00| 0 ukr d
100 _aБасараба В.
942 _cSA
040 _aUA-OsUOA
_cUA-OsUOA
_dUA-OsUOA
245 _aНаш сучасник - поет з Березинів: [До 55-річчя від дня народж. поета Григорія Чубая, уродженця с. Березини Радивилів. р-ну]
300 _aС.4
955 _a0
773 0 _w0
_tПрапор перемоги
_dРадивилів
_d2004
_g№8/27 січ./
650 7 _aКраєзнавча робота
_2UDC
999 _c303250
_d303250